Statistics for Eurovision song contest 2015

Click here to take the quiz!

General Stats

  • This quiz has been taken 6 times
  • The average score is 14 of 40

Answer Stats

countrysongArtist% Correct
MontenegroAdioKnez
83%
SwedenHeroesMans Zelmerlow
83%
AustriaI Am YoursThe Makemakes
83%
MaltaWarriorAmber
67%
Latvialove InjectedAminata
67%
SpainAmanecerEdurne
67%
AustraliaTonight AgainGuy Sebastian
67%
BelgiumRhythm InsideLoic Nottet
67%
GermanyBlack SmokeAnn Sophie
50%
HungaryWars for NothingBoggie
50%
SerbiaBeauty Never LiesBojana Stamenov
50%
ItalyGrande AmoreIl Volo
50%
FranceN'oubliez pasLisa Angell
50%
SloveniaHere For YouMaraaya
50%
GeorgiaWarriorNina Sublatti
50%
DenmarkThe Way You AreAnti Social Media
33%
United KingdomStill in Love With YouElectro velvet
33%
EstoniaGoodbye to YesterdayElina Born & Stig Rasta
33%
ArmeniaFace the ShadowGenealogy
33%
IcelandUnbrokenMaria Olafs
33%
San MarinoChain of LightsAnita Simoncini & Michele Perniola
17%
MacedoniaAutumn LeavesDaniel Kajmakoski
17%
AlbaniaI'm AliveElhaida Dani
17%
AzerbijanHour of the WolfElnur Huseynov
17%
CyprusOne Thing I Should of DoneJohn Karayiannis
17%
PortugalHa Um Mar Que Nos DiesLeonor Andrade
17%
GreeceOne Last BreathMaria Elena Kyriakou
17%
Czech RepublicHope Never DiesMarta Jandova & Vaclav Noid Barta
17%
SwitzerlandTime to ShineMelanie Rene
17%
LithuaniaThis TimeMonika Linkyte & Vaidas Baumila
17%
NorwayA Monster Like MeMOrland & Debrah Scarlett
17%
IsraelGolden BoyNadav Guedj
17%
FinlandAina Mun PitaaPertti Kurikan Nimipaivat
17%
NetherlandsWalk AlongTrijntje Oosterhuis
17%
BelarusTimeUzari & Maimuna
17%
RomaniaDe La CapatVoltaj
17%
MoldovaI Want Your LoveEduard Romanyuta
0%
IrelandPlaying With NumbersMolly Sterling
0%
PolandIn the Name of LoveMonika Kuszyriska
0%
RussiaA Million VoicesPoli Gargarina
0%

Score Distribution

Percentile by Number Answered

Percent of People with Each Score

Your Score History

You have not taken this quiz